Big Bang members by picture - Statistics

General Stats
  • This quiz has been taken 24 times
  • The average score is 5 of 5
Answer Stats
Picture Answer % Correct
T.O.P
95%
Daesung
90%
G-Dragon
90%
Taeyang
90%
Seungri
85%
No matching quizzes found
Score Distribution
Percent of People with Each Score
Percentile by Number Answered
Your Score History
You have not taken this quiz